000 01015nab a2200229 i 4500
001 180807
003 ES-MaACL
005 20250728093503.0
008 120716s1913 sp 000 s spa d
100 1 _aSaid Armesto, Víctor,
_d1871-1914
_9101488
245 1 3 _aResumen del "Florilegio de poetas españoles" /
_cpor Víctor Said Armesto.
300 _aP. 10-20 ;
_c23 cm.
594 _aPrecede al tít.: Conferencias del Ateneo de Madrid
594 _aRecoge el resumen del ciclo de conferencias "Florilegio", organizado por Jacinto Benavente en el Ateneo, en el que intervinieron la Sra. Casanova, la condesa de Castellá y la Sra. de los Ríos
599 _aRetr. del autor en port.
610 2 4 _aAteneo de Madrid-
_vConferencias-
_y1900-1939
_91907
650 4 _aPoesía española-
_xHistoria y crítica.
_9226941
740 0 2 _aFlorilegio de poetas españoles.
773 0 _tLa Palabra : revista taquigráfica,
_dMadrid. --
_gN. 12 (15 de junio 1913), p. 10-20
999 _c180807
_d180807
942 _cANAM